Разработка автоматической системы для проверки правильности написания символов; Информационные технологии в науке, управлении, социальной сфере и медицине
| Parent link: | Информационные технологии в науке, управлении, социальной сфере и медицине.— 2015.— [С. 778-779] |
|---|---|
| Hlavní autor: | |
| Korporativní autor: | |
| Shrnutí: | Заглавие с титульного экрана The algorithm for character topology composition has been proposed. Metrics for character graphs comparison has been suggested. The proposed algorithm has been implemented in character processing application and has been approved on MNIST handwriting characters database and writing charactersexamples from the forms of a unified state exam. |
| Jazyk: | ruština |
| Vydáno: |
2015
|
| Edice: | Информационные технологии в государственном управлении и социальной сфере |
| Témata: | |
| On-line přístup: | http://earchive.tpu.ru/handle/11683/17268 http://www.lib.tpu.ru/fulltext/c/2015/C24/342.pdf |
| Médium: | Elektronický zdroj Kapitola |
| KOHA link: | https://koha.lib.tpu.ru/cgi-bin/koha/opac-detail.pl?biblionumber=614074 |
MARC
| LEADER | 00000naa2a2200000 4500 | ||
|---|---|---|---|
| 001 | 614074 | ||
| 005 | 20231101132805.0 | ||
| 035 | |a (RuTPU)RU\TPU\conf\12238 | ||
| 035 | |a RU\TPU\conf\12237 | ||
| 090 | |a 614074 | ||
| 100 | |a 20150907d2015 k y0rusy50 ca | ||
| 101 | 0 | |a rus |d eng | |
| 102 | |a RU | ||
| 105 | |a y z 101zy | ||
| 135 | |a drcn ---uucaa | ||
| 181 | 0 | |a i | |
| 182 | 0 | |a b | |
| 200 | 1 | |a Разработка автоматической системы для проверки правильности написания символов |d Implementation of an automatic system for character spelling validation |f П. А. Хаустов | |
| 203 | |a Текст |c электронный | ||
| 225 | 1 | |a Информационные технологии в государственном управлении и социальной сфере | |
| 230 | |a 1 компьютерный файл (pdf; 533 Kb) | ||
| 300 | |a Заглавие с титульного экрана | ||
| 320 | |a [Библиогр.: с. 779 (3 назв.)] | ||
| 330 | |a The algorithm for character topology composition has been proposed. Metrics for character graphs comparison has been suggested. The proposed algorithm has been implemented in character processing application and has been approved on MNIST handwriting characters database and writing charactersexamples from the forms of a unified state exam. | ||
| 337 | |a Adobe Reader | ||
| 463 | 0 | |0 (RuTPU)RU\TPU\conf\11725 |t Информационные технологии в науке, управлении, социальной сфере и медицине |o сборник научных трудов II Международной конференции, 19-22 мая 2015 г., Томск |f Национальный исследовательский Томский политехнический университет (ТПУ) ; ред. кол. О. Г. Берестнева [и др.] |v [С. 778-779] |d 2015 | |
| 510 | 1 | |a Implementation of an automatic system for character spelling validation |z eng | |
| 610 | 1 | |a труды учёных ТПУ | |
| 610 | 1 | |a электронный ресурс | |
| 610 | 1 | |a автоматические системы | |
| 610 | 1 | |a тестирование | |
| 610 | 1 | |a алгоритмы | |
| 610 | 1 | |a символы | |
| 610 | 1 | |a топологические свойства | |
| 700 | 1 | |a Хаустов |b П. А. |c российский ученый, специалист в области информационных систем |c заведующий лабораторией Томского политехнического университета |f 1990- |g Павел Александрович |2 stltpush |3 (RuTPU)RU\TPU\pers\30104 | |
| 712 | 0 | 2 | |a Национальный исследовательский Томский политехнический университет (ТПУ) |b Институт кибернетики (ИК) |b Кафедра вычислительной техники (ВТ) |h 126 |2 stltpush |3 (RuTPU)RU\TPU\col\18699 |
| 801 | 2 | |a RU |b 63413507 |c 20210129 |g RCR | |
| 856 | 4 | |u http://earchive.tpu.ru/handle/11683/17268 | |
| 856 | 4 | |u http://www.lib.tpu.ru/fulltext/c/2015/C24/342.pdf | |
| 942 | |c BK | ||